Music Quiz

Random Music Quiz

Bright Lights Big City / Magic: Finish the Lyrics Quiz Stats

 Plays Quiz not verified by Sporcle

Also try: Wisdom From Music
Challenge
Share
Tweet
Embed
Score 0/23 Timer 05:00
0 Plays Today
Missing Lyric % Correct
???
100%
???
37.2%
???
26.8%
???
23%
???
18.6%
???
18%
???
8.2%
???
7.7%
???
3.8%
???
3.8%
???
3.8%
???
3.3%
Missing Lyric % Correct
???
3.3%
???
2.7%
???
2.7%
???
1.6%
???
1.6%
???
1.6%
???
1.6%
???
1.6%
???
0.5%
???
0.5%
???
0%

You're not logged in!

Compare scores with friends on all Sporcle quizzes.
Join for Free
OR
Log In

You Might Also Like...

Show Comments

Extras

Created Mar 11, 2014ReportFavoriteNominate
Tags:magic, pitch perfect

Top Quizzes Today


Score Distribution

Your Account Isn't Verified!

In order to create a playlist on Sporcle, you need to verify the email address you used during registration. Go to your Sporcle Settings to finish the process.

Report this User

Report this user for behavior that violates our Community Guidelines.

Details: